Normal view
MARC view
Entry Geographic Name
001 - CONTROL NUMBER
- control field: 91082
003 - CONTROL NUMBER IDENTIFIER
- control field: BDCtgAUW
005 - DATE AND TIME OF LATEST TRANSACTION
- control field: 20260226161105.0
008 - FIXED-LENGTH DATA ELEMENTS
- fixed length control field: 260226|| aca||aabn | a|a d
040 ## - CATALOGING SOURCE
- Original cataloging agency: BDCtgAUW
- Transcribing agency: BDCtgAUW
151 ## - HEADING--GEOGRAPHIC NAME
- Geographic name: Ireland
- General subdivision: History
- Chronological subdivision: 1691-
670 ## - SOURCE DATA FOUND
- Source citation: Work cat.: (BDCtgAUW)16284: Foster, R. F. (Robert Fitzroy), author 91081, Modern Ireland, 1600-1972 /, 1988.